Možnosti ochrany spotrebiteľa pred nekvalitou výrobkov bakalárska práca

Salvato in:
Dettagli Bibliografici
Autore principale: Kolesárová, Lenka
Ente Autore: Fakulta podnikového manažmentu EU. Katedra manažmentu výroby a logistiky - zrušená
Altri autori: Leščišin, Michal
Natura: Libro
Lingua:slovacco
Pubblicazione: Bratislava 2011
Tags: Aggiungi Tag
Nessun Tag, puoi essere il primo ad aggiungerne!!

MARC

LEADER 00000nbm a2200000 4500
001 0140271
005 20161109111715.7
041 0 |a slo 
044 |a SK 
245 1 0 |a Možnosti ochrany spotrebiteľa pred nekvalitou výrobkov  |b bakalárska práca  |c Lenka Kolesárová ; školiteľ:Michal Leščišin 
264 1 |a Bratislava  |c 2011 
300 |a 51 s. 
100 1 |a Kolesárová, Lenka 
700 1 |a Leščišin, Michal 
710 2 |a Fakulta podnikového manažmentu EU. Katedra manažmentu výroby a logistiky - zrušená